000 00805nam a2200253Ia 4500
003 OSt
005 20220918171231.0
006 a|||||r|||| 00| 0
007 ta
008 220917b |||||||| |||| 00| 0 eng d
020 _a9781441150370 (pbk)
_c2239.34
024 _a261,884
037 _b35123, 28/06/2012, Segment Book Distributors
_cTextual
040 _aARTS
_cARTS
_beng
041 _2eng
_aeng
082 _aR3xM891:g(R37), P9
100 _aLitwack Eric B.
_934982
245 0 _aWittgenstein and value
_b The quest for meaning
260 _aNew York
_bContinuum U.S.A
_c2009
300 _axii, 176p.
_ccm.
650 _aPHILOSOPHY
942 _hR3xM891:g(R37), P9
_cTEXL
_2CC
999 _c138495
_d138495